| 000 | 00661nam a22002057a 4500 | ||
|---|---|---|---|
| 003 | OSt | ||
| 005 | 20131209181610.0 | ||
| 008 | 130515s1996 sp ||||| |||| 00| 0 spa d | ||
| 020 | _a8431314214 | ||
| 040 |
_cCDMR _bcat |
||
| 100 | 1 |
_92298 _aGarcía Noblejas, Juan José |
|
| 245 | 1 | 0 |
_aComunicación y mundos posibles _cJuan José García-Noblejas |
| 260 |
_aPamplona _bEdiciones Universidad de Navarra _cDL 1996 |
||
| 300 | _a274 p. | ||
| 490 | 0 | _ant. Comunicación | |
| 650 | 0 | 4 |
_92807 _aMitjans de comunicació de massa _xAspectes polítics |
| 650 | 0 | 4 |
_92367 _aComunicació _xAspectes psicològics |
| 650 | 0 | 4 |
_94353 _aComunicació _xFilosofia |
| 942 |
_2udc _cMON |
||
| 999 |
_c6264 _d6264 |
||